000 00453cam a2200169ua 4500
041 _aeng
_h
082 _a621.02
_bKUT/ME
100 _aKutz, Myer.
245 0 0 _aMechanical engineer`s handbook : Instrumentation, systems, controls and MEMS /
_cMyer Kutz.
_hTextual Documents
250 _a3 /
_b.
260 _aLondon :
_bJohn Wiley & Sons ,
_c2006.
300 _a907 ; .
500 _aBook- 2
504 _a
942 _cBK
999 _c13360
_d13360